000 01004nam a22002537a 4500
999 _c347411
_d347411
003 BLK
005 20241113120125.0
008 191223b bu ||||| |||| 00| 0 bu d
020 _a9789542830610
040 _aBLK
041 _aBUL
_cBUL
080 _aЗвезди и звездни системи. Вселена - Космически лъчи, междузвездно пространство, Галактика, Млечен път, космология, извънгалактически системи
_b524
_z524
100 _aУол, Майкъл
_eпърви автор
_91299
139 _aУол, Майкъл
_bУ 68
245 _aНякъде там
_cМайкъл Уол; прев. Милена Боринова
260 _9217021
_aСофия
_bСиела Норма
_c2019
300 _a195 с.
_c22 см
380 _a5
852 _bСП
_cП 524/У 68
942 _cKNG
_n0
_s1
_029
999 _d347411
999 _d347411
944 _k30549
_lВася Ганчева